000 00380nam a2200157 4500
999 _c3302
_d3302
008 200408b ||||| |||| 00| 0 eng d
020 _a8271740717
082 0 0 _a620.23
_bN9618
110 _92790
_aN.T.N.F
245 1 0 _aNoise control in ship /
_cby N.T.N.F
250 _a1st ed.
260 _aNorway
_bN.T.N.F.
_c1975
300 _a.
650 0 _aNoise Control
942 _2ddc
_cBK